000
00218 a2200097 4500
001
14342
100
_a
Polard, H.M
245
_a
Pioneers of popula education
260
_a
London
_b
John murray
_c
090
_c
11244
_d
11244
942
_a
NUST-CAE
_c
M
_c
1386
999
_c
249415
_d
249415